000 00508nam a22001577a 4500
999 _c535461
_d535461
020 _qHard Cover.
082 _a621.3
100 _aRajar, Zeenat
245 _aFinite Element Modeling of Eddy Current Testing phenomenon /
_cZeenat Rajar.
260 _aKarachi :
_bPNEC - NUST,
_c2015.
300 _a61 p. : ill. ;
_c30cm.
942 _2ddc
_cTHE
650 _aElectrical Engineering MS-Thesis
_916073
700 _aDr. Tariq Mairaj Rasool Khan.
_929828